00541nam a22001457a 4500003000500000038001800005082000800023100001900031245016000050264003400210300002500244650002900269700004000298856005700338NUST aNusrat Nadeem a200 aSyed, Nida Ali aGenetic and Biochemical basis of Advanced Glycation End Products induced Micro- and Macrovascular Complications in Type 2 Diabetes Mellitus/cNida Ali Syed aIslamabad;bASAB NUST;c2023. a143,p;bill;c30,cm. aPhD- Applied Biosciences aSupervisor : Prof. Dr. Attya Bhatti uhttp://10.250.8.41:8080/xmlui/handle/123456789/41807